000 00623nam a2200241Ia 4500
003 OSt
005 20221007064901.0
006 a|||||r|||| 00| 0
007 ta
008 221006b |||||||| |||| 00| 0 eng d
024 _a4,883
037 _cTextual
040 _aFLL
_cFLL
_beng
041 _2eng
_aeng
082 _aZ2,2673, P1
100 _aBainbridge David I Au.
_9686431
245 0 _aIntellectual property
250 _a5th
260 _aDelhi
_bPerson Education Delhi
300 _a710p
_ccm.
942 _hZ2,2673, P1
_cTEXL
_2CC
999 _c1135627
_d1135627